Indigenismo, clases sociales y problema nacional : (Record no. 17107)

000 -CABECERA
fixed length control field 00923nam a22002297a 4500
003 - IDENTIFICADOR DEL NÚMERO DE CONTROL
control field AR-CdUCM
008 - DATOS DE LONGITUD FIJA--INFORMACIÓN GENERAL
fixed length control field 190507b ||||| |||| 00| 0 spa d
040 ## - FUENTE DE LA CATALOGACIÓN
Agencia/entidad que catalogó originalmente la obra MUNICIPALIDAD PROVINCIAL DEL CUSCO
Entidad que transcribió la catalogación BIBLIOTECA MUNICIPAL DEL CUSCO
082 ## - NÚMERO DE LA CLASIFICACIÓN DECIMAL DEWEY
No. de Clasificación 980.5 /
Notacion interna D52
100 ## - ENTRADA PRINCIPAL--NOMBRE DE PERSONA
Nombre Personal Degregori, Carlos Iván
245 ## - MENCIÓN DE TÍTULO
Título Indigenismo, clases sociales y problema nacional :
Resto del título La discusión sobre el problema indígena en el Perú /
260 ## - PUBLICACIÓN, DISTRIBUCIÓN, ETC.
Lugar de publicación, distribución, etc. Lima :
Nombre de la editorial, distribuidor, etc. Celats,
Fecha de publicación, distribución, etc. 1537.
300 ## - DESCRIPCIÓN FÍSICA
Nº de Páginas Extensión 251 páginas;
Dimensiones 23 cm.
505 ## - NOTA DE CONTENIDO CON FORMATO
Nota de contenido formateada Contenido: Problemática nacional -- Clases sociales en el Perú -- Planteamiento de Haya de la Torre y José Carlos Mariátegui sobre el problema indígena...
650 ## - PUNTO DE ACCESO ADICIONAL DE MATERIA--TÉRMINO DE MATERIA
Descriptor Problemática del indio
9 (RLIN) 36959
650 ## - PUNTO DE ACCESO ADICIONAL DE MATERIA--TÉRMINO DE MATERIA
Descriptor Indigenismo
9 (RLIN) 208
650 ## - PUNTO DE ACCESO ADICIONAL DE MATERIA--TÉRMINO DE MATERIA
Descriptor Estratificación social
9 (RLIN) 36960
700 ## - PUNTO DE ACCESO ADICIONAL--NOMBRE DE PERSONA
Nombre Personal Valderrama, Mariano
9 (RLIN) 36961
700 ## - PUNTO DE ACCESO ADICIONAL--NOMBRE DE PERSONA
Nombre Personal Alfajeme, Augusta
9 (RLIN) 36962
942 ## - ELEMENTOS DE PUNTO DE ACCESO ADICIONAL (KOHA)
Fuente de clasificación
Tipo de item Libros-BMC
945 ## - PROCESAMIENTO DE INFORMACIÓN LOCAL (OCLC)
Catalogador rcc
Holdings
Estado de retiro (separado) Fuente de clasificación o esquema de estanterías Estado dañado Ubicación Sala donde se ubica Nombre de la colección Fecha de adquisición o compra Costo, precio normal en soles Signatura topográfica Código de Barras Última vez visto (Koha) Tipo de ítem (Koha)
No     Sala Humanidades Sala Humanidades Book Cart 2019-05-07 20.00 980.5 / D52 SH0000012333 2019-05-07 Libros-BMC

Powered by Koha